Statistics for FC Cincinnati 2023 Squad

Click here to take the quiz!

General Stats

  • This quiz has been taken 7 times
    (6 since last reset)
  • The average score is 20 of 29

Answer Stats

Player numberAnswer% Correct
#31A. Barreal
100%
#1A. Kann
100%
#19B. Vazquez
100%
#93J. Moreno
100%
#10L. Acosta
100%
#21M. Miazga
100%
#4N. Hagglund
100%
#5O. Nwobodo
100%
#18R. Celentano
100%
#17S. Santos
100%
#42B. Halsey
83%
#32I. Murphy
83%
#28R. Gaddis
83%
#7Y. Kubo
83%
#9A. Boupendza
67%
#2A. Powell
67%
#8M. Angulo
67%
#26M. Pinto
67%
#13S. Arias
67%
#29A. Ordonez
50%
#14D. Badji
50%
#37S. Jimenez
50%
#15Y. Mosquera
50%
#36E. Louro
33%
#58G. Valenzuela
33%
#3J. Akpunonu
33%
#25P. Walters
33%
#33I. Foster
17%
#34L. Aghedo
17%

Score Distribution

Percentile by Number Answered

Percent of People with Each Score

Your Score History

You have not taken this quiz since the last reset